00687nam a2200193 a 450000100060000000300090000600800410001502000150005604000280007108200170009910000180011624500520013426000430018630000110022950501760024065000300041665000180044665000290046417130CO-ViMGA141112s2004 ck r 000 u spa d a8420009229 aCO-ViMGAbspacCO-ViMGA04a664.024 L33f1 aByong H., Lee10aFundamentos de Biotecnología de los alimentos aZaragoza (España), cAcribia, c2000 a492.p. aFundamentos de Bioquímica , Microbiología e Ingenieria Aplicaciones de la biotecnología a los productos alimentarios Biotecnología vegetal , Biotecnología Animal14aALIMENTOS - BIOTECNOLOGIA14aBIOTECNOLOGIA14aBIOTECNOLOGIA - AGRICOLA